Представление документа в формате MARC21

Поле Инд. ПП Название Значение
Тип записи a
Библиографический уровень m
001 Контрольный номер RU/LIBMSTU/415875958
005 Дата корректировки 20160413114843.9
008 Кодируемые данные 130320|||||||||ru |||||||||||000|||rus||
020 a ISBN 978-5-86185-721-5
040 b Код языка каталог. rus
041 a Код языка текста rus
084 a Индекс другой классификации/Индекс ББК 65.290.3
090 a Полочн. индекс 65.290
x Авторский знак В 40
245 10 a Заглавие Взаимодействие науки и бизнеса в сфере инновации
b Продолж. заглавия сб. материалов круглого стола
c Ответственность Правительство Мурман. обл. ; Федер. агентство по рыболовству, ФГБОУ ВПО "Мурман. гос. техн. ун-т"
260 a Место издания Мурманск
b Издательство Изд-во МГТУ
c Дата издания 2012
300 a Объем 79 с.
b Иллюстрации/ тип воспроизводства цв. ил.
583 x Служебное примечание Труды преподавателей МГТУ
x Служебное примечание Краеведческий каталог
650 a Основная рубрика Предпринимательство-Малый бизнес-Мурманская область-Сборники
651 a Географическое наименование Мурманская область
653 a Ключевые слова Инновации; Инновационные технологии; Малый бизнес; Мурманский государственный технический университет; МГТУ; Научно-техническая продукция; Переработка рыбы МГТУ; Предпринимательство; Средний бизнес; Труды преподавателей МГТУ
700 a Другие авторы Шокина Ю. В.
e Роль лиц авт.
700 1_ a Другие авторы Гроховский В. А.
e Роль лиц авт.
700 1_ a Другие авторы Малышев В. С.
e Роль лиц авт.
700 1_ a Другие авторы Яров В. Н.
e Роль лиц авт.
700 1_ a Другие авторы Калитёнков Н. В.
e Роль лиц авт.
700 1_ a Другие авторы Милкин Н. В.
e Роль лиц авт.
700 1_ a Другие авторы Висков А. Ю.
e Роль лиц авт.
700 1_ a Другие авторы Петров А. И.
e Роль лиц авт.
700 1_ a Другие авторы Власов А. Б.
e Роль лиц авт.
700 1_ a Другие авторы Аллояров К. Б.
e Роль лиц авт.
700 1_ a Другие авторы Шокина Ю. В.
e Роль лиц авт.
700 1_ a Другие авторы Баева Л. С.
e Роль лиц авт.
700 1_ a Другие авторы Димов В. В.
e Роль лиц авт.
700 1_ a Другие авторы Давыдкин И. Е.
e Роль лиц авт.
901 t Тип документа m